Developmental research methods (Record no. 85742)

MARC details
000 -LEADER
fixed length control field 00837 a2200265 4500
003 - CONTROL NUMBER IDENTIFIER
control field CBULib
005 - DATE AND TIME OF LATEST TRANSACTION
control field 20241106124450.0
008 - FIXED-LENGTH DATA ELEMENTS--GENERAL INFORMATION
fixed length control field 241101b |||||||| |||| 00| 0 eng d
020 ## - INTERNATIONAL STANDARD BOOK NUMBER
International Standard Book Number 9781412996440
040 ## - CATALOGING SOURCE
Language of cataloging English
Transcribing agency CBULib
Description conventions rda
050 ## - LIBRARY OF CONGRESS CALL NUMBER
Classification number BF 713 Mil
100 ## - MAIN ENTRY--PERSONAL NAME
Personal name Miller, Scott A.
245 ## - TITLE STATEMENT
Title Developmental research methods
Statement of responsibility, etc / by Scott A. Miller
250 ## - EDITION STATEMENT
Edition statement Fourth edition.
260 ## - PUBLICATION, DISTRIBUTION, ETC. (IMPRINT)
Name of publisher, distributor, etc SAGE,
Date of publication, distribution, etc 2013
Place of publication, distribution, etc Thousand Oak :
300 ## - PHYSICAL DESCRIPTION
Extent x, 435 pages : illustration
336 ## - CONTENT TYPE
Source rdacontent
Content type term Text |
Content type code txt
337 ## - MEDIA TYPE
Source rdamedia
Media type term Unmediated |
Media type code n
338 ## - CARRIER TYPE
Source rdacarrier
Carrier type term Volume
Carrier type code nc
500 ## - GENERAL NOTE
General note Includes bibliographical references and index.<br/>
650 #0 - SUBJECT ADDED ENTRY--TOPICAL TERM
9 (RLIN) 3935
Topical term or geographic name as entry element DEVELOPMENTAL PSYCHOLOGY - RESEARCH - METHODOLOGY
650 #0 - SUBJECT ADDED ENTRY--TOPICAL TERM
9 (RLIN) 3936
Topical term or geographic name as entry element PSYCHOLOGT METHODS
650 #0 - SUBJECT ADDED ENTRY--TOPICAL TERM
9 (RLIN) 3937
Topical term or geographic name as entry element HUMAN DEVELOPMENT
942 ## - ADDED ENTRY ELEMENTS (KOHA)
Source of classification or shelving scheme
Koha item type MONOGRAPH
Holdings
Withdrawn status Lost status Source of classification or shelving scheme Damaged status Not for loan Collection code Permanent Location Current Location Shelving location Date acquired Source of acquisition Full call number Barcode Date last seen Price effective from Koha item type
          CBU-Lusaka Campus CBU- LUSAKA CAMPUS CBU- LUSAKA CAMPUS General Stacks 11/01/2024 BOOK AID INTERNATIONAL BF 713 Mil 753079 11/01/2024 11/01/2024 MONOGRAPH